Reglamento especial para la Junta de Gobierno de la Casa Provincial de Caridad
Descripción Física:
8 p. ; 26 cm
MARC
| LEADER | 00000nam a2200000Ia 4500 | ||
|---|---|---|---|
| 001 | 10039 | ||
| 008 | 160829s1886 xx 000 0 cat d | ||
| 080 | |a RF-7-25 | ||
| 110 | |a Casa de Caritat (Barcelona, Catalunya) |9 52406 | ||
| 245 | |a Reglamento especial para la Junta de Gobierno de la Casa Provincial de Caridad | ||
| 260 | |a Barcelona : |b (Imp. Casa Caridad), |c 1886 | ||
| 300 | |a 8 p. ; |c 26 cm | ||
| 590 | |a Hi ha un duplicat: DUP-21-49 | ||
| 650 | |a Casa de Caritat (Barcelona). Junta de Govern |x Reglaments i procediment |9 37045 | ||
| 710 | |a Casa de Caritat (Barcelona, Catalunya) |9 52406 | ||
| 856 | 4 | |u https://media.diba.cat/diba/fitxers/arxiu/fulletons/bib_10039_1886_baixa.pdf |y Accés lliure | |
| 856 | 4 | |u https://media.diba.cat/diba/fitxers/arxiu/fulletons/bib_10039_1886_baixa.pdf |y Accés lliure | |
| 901 | |a Arxiu | ||
| 942 | |n 1 |2 udc | ||
| 952 | |0 0 |1 0 |4 0 |6 RF725 |7 1 |9 47617 |a Arxiu |b Arxiu |d 2016-12-01 |l 0 |o RF-7-25 |p 10039 |r 2016-12-01 00:00:00 |w 2016-12-01 |y ARXIU | ||
| 999 | |c 51416 |d 51416 | ||
| 900 | |a bib_10039_1886_baixa.pdf | ||